[Event "Titled Tuesday intern op 6th Aug"]
[Site "Chess.com INT"]
[Date "2019.08.06"]
[Round "3"]
[White "Lodici, Lorenzo"]
[Black "Gorstein, Ido"]
[Result "1-0"]
[WhiteElo "2472"]
[BlackElo "2609"]
[PlyCount "49"]
[EventDate "2019.08.06"]
[EventType "swiss (blitz)"]
[EventRounds "10"]
[EventCountry "USA"]
[SourceTitle "EXT 2021"]
[Source "ChessBase"]
[SourceDate "2020.10.23"]
[SourceVersion "1"]
[SourceVersionDate "2020.10.23"]
[SourceQuality "1"]

1. d4 f5 2. e4 fxe4 3. Nc3 Nf6 4. Bg5 Nc6 5. d5 Ne5 6. Qe2 Nf7 7. Bxf6 exf6 8. Nxe4 Qe7 9. d6 Qe6 10. dxc7 Bb4+ 11. c3 Ba5 12. 0-0-0 Bxc7 13. Nf3 0-0 14. Qc4 d5 15. Rxd5 b6 16. Rd1 Bf4+ 17. Kb1 Qe7 18. Ng3 Bc7 19. Bd3 Be6 20. Qe4 g6 21. Rhe1 Rfe8 22. Nd4 Ng5 23. Qc6 Be5 24. Nxe6 Nxe6 25. Bc4 1-0